LIBRARY & INFORMATION CENTRE, KCAET, TAVANUR

ONLINE PUBLIC ACCESS CATALOGUE (OPAC)

Water and waste water engineering, Vol 2 / (Record no. 9367)

MARC details
000 -LEADER
fixed length control field 00546cam a2200205ua 4500
041 ## - LANGUAGE CODE
Language code of text/sound track or separate title eng
082 ## - DEWEY DECIMAL CLASSIFICATION NUMBER
Classification number 628.11
Item number MAS/WA
100 ## - MAIN ENTRY--AUTHOR NAME
Personal name Maskew Fair, Gordon .
245 ## - TITLE STATEMENT
Title Water and waste water engineering, Vol 2 /
250 ## - EDITION STATEMENT
Edition statement 1 /
260 ## - PUBLICATION, DISTRIBUTION, ETC. (IMPRINT)
Place of publication London :
Name of publisher John Wiley & Sons ,
Year of publication 1968.
300 ## - PHYSICAL DESCRIPTION
Number of Pages 386 ; .
700 1# - ADDED ENTRY--PERSONAL NAME
Personal name Alexander Okun, Daniel .
700 1# - ADDED ENTRY--PERSONAL NAME
Personal name Charles Geyer, John .
942 ## - ADDED ENTRY ELEMENTS (KOHA)
Koha item type Books
Holdings
Withdrawn status Lost status Damaged status Home library Current library Date acquired Full call number Accession Number Koha item type
      KAUAET KAUAET 27/03/1987 628.11 16196 Books
free website counter